Largest European Cities in History-Sudden Death - Statistics

General Stats
  • This quiz has been taken 96 times
    26 since last reset
  • The average score is 3 of 8
Answers on the Grid
Answers color-coded by a green-red scale on the quiz's grid according to % correct below.
Seville
Lisbon
Ghent
Cordoba
Constantinople/Istanbul
Amsterdam
Naples
London
Paris
St. Petersburg
Manchester
Birmingham
Milan
Antwerp
Athens
Madrid
Barcelona
Rome
Moscow
Berlin
 
Answer Stats
Answer % Correct
Constantinople/Istanbul
60%
Paris
60%
London
45%
Moscow
40%
Rome
40%
Cordoba
15%
Seville
15%
Milan
10%
No matching quizzes found
Score Distribution
Percent of People with Each Score
Percentile by Number Answered
Your Score History
You have not taken this quiz since the last reset